000 00873nam a2200265 i 4500
003 DO-SdBNP
005 20240704101136.0
007 ta
008 240704b2024 dr a|||| |||| 00| 0 spa d
020 _a9789945654196
040 _aDO-SdBNP
_bspa
_cBNPHU
_erda
082 4 _222
100 1 _aSalazar, Leo,
_92149
_eautor
245 1 3 _aEl francotirador :
_by otros guiones cinematográficos /
_cLeo Salazar ; prólogo, Félix Manuel Lora R.
264 _aSanto Domingo :
_bSantuario,
_c2024.
300 _a1570páginas :
_bilustraciones ;
_c23 cm.
336 _2rdacontent
_atexto
_btxt
337 _2rdamedia
_asin mediación
_bn
338 _2rdacarrier
_avolumen
_bnc
500 _aIncluye datos biográficos del autor en las solapas
590 _aInventariado, 2024/BT
700 _aLora R., Félix Manuel,
_eprólogo
_982595
910 _aBtavárez
942 _2ddc
_cLBS1
999 _c57155
_d57155